000 00792nam a2200193Ii 4500
003 JO-AjNU
008 230605s9999||||xx |||||||||||||| ||und||
040 _aJO-AjNU
_bara
_erda
_cJO-AjNU
041 _aara
050 1 4 _aHB181.D846.2009
100 3 _aدويدار،محمد,
_eauthor
_933940
245 0 0 _aمبادىء الاقتصاد السياسي ج4 الاقتصاد المالي:النظرية العامة في مالية الدولة-السياسة المالية في الاقتصاد الرأسمالي
264 3 1 _aالاسكندرية:دار الجامعة الجديدة للنشر،2009
300 _aج4، 437ص
336 _atext
_btxt
_2rdacontent
337 _aunmediated
_bn
_2rdamedia
338 _avolume
_bnc
_2rdacarrier
650 4 _aاقتصاد سياسي
_933941
999 _aA13864
_c17432
_d17432